• 首页
  • 本馆介绍
  • 公告通知
  • 最新文献
  • 馆藏检索
  • 电子资源
  • 读者导购
  • 参考咨询
  • 我的图书馆
  • 登录
  • 详细信息显示
  • 放入我的书架
  • 预约/预借图书
  • 作者相关作品
  • 分类相关作品
  • 丛书相关作品
  • 出版社相关作品

书目信息

  • 表格格式
  • 工作单格式
  • 卡片格式
书名: Ten theories of human nature
作者: Leslie Stevenson, David L. Haberman.
分册号:
分册名:
出版地: New York :
 
出版社: Oxford University Press
出版时间: 1998.
页数: xii, 239 p. ;
开本: 22 cm.
丛书名:
中图分类号:
科图分类号:
其他分类号: B089.3
主题词:
电子资源:
000 00937cam a2200265 a 450
001 E0737174069
005 20070519102348.28
008 970925s1998 nyu b 001 0 eng
010    @a97040922
020    @a019512040X (hardcover : alk. paper).
020    @a0195120418 (pbk. : alk. paper).
035    @A(DLC) 97040922
040    @aDLC@cDLC@dDLC
090    @aB089.3
099    @dB089.3@ex10=3
100 1  @aStevenson, Leslie Forster.
245 10 @aTen theories of human nature / @cLeslie Stevenson, David L. Haberman.
250    @a3rd ed.
260    @aNew York :@bOxford University Press,@c1998.
300    @axii, 239 p. ;@c22 cm.
500    @aRev. and expanded ed. of: Seven theories of human nature. 2nd ed. 1987.
504    @aIncludes bibliographical references and index.
650  0 @aPhilosophical anthropology.
700 1  @aStevenson, Leslie Forster.@tSeven theories of human nature.
700 1  @aHaberman, David L.,@d1952-
    
    Ten theories of human nature / / Leslie Stevenson, David L. Haberman.-3rd ed.-New York : : Oxford University Press, , 1998.
    xii, 239 p. ; ; 22 cm.
    Rev. and expanded ed. of: Seven theories of human nature. 2nd ed. 1987.-Includes bibliographical references and index.
    
    ISBN 019512040X (hardcover : alk. paper).
    
●
相关链接 在E读中查询图书 在五车中查询图书 在当当中查询图书 在豆瓣中查询图书


正题名:Ten theories of human nature     索取号:B089.3/x10=3         预约/预借

序号 登录号 条形码 馆藏地/架位号 状态 备注
1 0010668   300106686   第二样本阅览室/ [索取号:B089.3/x10=3] 在馆    
2 0010669   300106695   第四借阅区/ [索取号:B089.3/x10=3] 在馆    
唐山师范学院图书馆 欢迎您!
大连网信软件有限公司© 版权所有